[Event "ROM-ch U12"]
[Site "Calimanesti Caciulata"]
[Date "2016.04.19"]
[Round "2"]
[White "Saulescu, Ioan Alexandru"]
[Black "Tablan, Matei Christian"]
[Result "0-1"]
[WhiteElo "1327"]
[BlackElo "1599"]
[PlyCount "78"]
[EventDate "2016.04.18"]
[EventType "swiss"]
[EventRounds "9"]
[EventCountry "ROU"]
[SourceTitle "CBM 172 Extra"]
[Source "ChessBase"]
[SourceDate "2016.06.21"]
[SourceVersion "1"]
[SourceVersionDate "2016.06.21"]
[SourceQuality "1"]

1. f4 d5 2. Nf3 e6 3. e3 f5 4. d4 Nf6 5. Bd3 b6 6. Nbd2 c5 7. c3 Be7 8. 0-0 0-0 9. Ne5 Qc7 10. Ndf3 Nbd7 11. Bd2 Nxe5 12. Nxe5 Nd7 13. Rf3 Nxe5 14. fxe5 g5 15. Qc2 Rf7 16. Rg3 Rg7 17. Rf3 Bd7 18. Be1 Kh8 19. Bg3 Rag8 20. Qe2 Be8 21. Rf2 h5 22. Rff1 h4 23. Bf2 f4 24. h3 g4 25. hxg4 Rxg4 26. Kh2 Rxg2+ 27. Kh1 R8g3 28. Qe1 Rg4 29. Be2 Rg7 30. Bf3 h3 31. exf4 Bd8 32. Qe3 cxd4 33. cxd4 Qf7 34. Rac1 Bd7 35. Be2 Qg6 36. Bd3 Qh6 37. Rc2 h2 38. f5 Rg1+ 39. Rxg1 hxg1Q# 0-1